Missing Word: Uma Thurman Quiz Stats

 Plays Quiz Updated Mar 5, 2016

Challenge
Share
Tweet
Embed
Score 0/18 Timer 03:00
1 Play Today
Movie Missing Words % Correct
Kill ____ : Vol. 1 Bill
96.3%
The Truth About Cats & ____Dogs
95%
Pulp _______Fiction
95%
______ & RobinBatman
93.1%
My Super Ex-__________Girlfriend
88%
Johnny Be ____Good
85.6%
Les __________Misérables
79.5%
Percy Jackson & the Olympians: The _________ ThiefLightning
64.5%
_________ LiaisonsDangerous
57.4%
Movie Missing Words % Correct
Where the _____ IsHeart
50.1%
Even Cowgirls Get the _____Blues
40.7%
The Adventures of _____ MunchausenBaron
33%
Be ____Cool
28.4%
Mad Dog and _____Glory
16.7%
_____ AnalysisFinal
15.1%
The __________ Husband Accidental
8.4%
The ____ Before Her EyesLife
8.1%
_________ GirlsBeautiful
7.1%

Today's Daily Dose

You're not logged in!

Compare scores with friends on all Sporcle quizzes.
Join for Free
OR
Log In

You Might Also Like...

Show Comments

Extras

Top Quizzes Today


Score Distribution

Your Account Isn't Verified!

In order to create a playlist on Sporcle, you need to verify the email address you used during registration. Go to your Sporcle Settings to finish the process.

Report this User

Report this user for behavior that violates our Community Guidelines.

Details: